[Event "Hamburg-chT Landesliga 2122"]
[Site "Hamburg"]
[Date "2022.04.03"]
[Round "8.5"]
[White "Kuhle, Sebastian"]
[Black "Martin Sommerfeldt, Luis"]
[Result "1-0"]
[WhiteElo "2039"]
[BlackElo "2019"]
[PlyCount "74"]
[EventDate "2021.10.31"]
[EventType "team-tourn"]
[EventRounds "9"]
[EventCountry "GER"]
[SourceTitle "EXT 2023"]
[Source "ChessBase"]
[SourceDate "2022.10.05"]
[SourceVersion "1"]
[SourceVersionDate "2022.10.05"]
[SourceQuality "1"]
[WhiteTeam "Weisse Dame"]
[BlackTeam "Harburg Diagonale"]
[WhiteTeamCountry "GER"]
[BlackTeamCountry "GER"]

1. c4 Nf6 2. Nc3 e6 3. e4 d6 4. g3 b6 5. Bg2 Bb7 6. Nge2 Be7 7. 0-0 Qc8 8. b4 0-0 9. Rb1 a6 10. Qc2 Nbd7 11. f4 c5 12. b5 axb5 13. Nxb5 Ne8 14. Nec3 Nc7 15. d3 Rd8 16. f5 Ne8 17. fxe6 fxe6 18. Bh3 Nf8 19. Nd5 Bxd5 20. exd5 Qa6 21. dxe6 Qxa2 22. Rb2 Qa4 23. Qf2 Nf6 24. Bg2 Ng6 25. Bxa8 Qxa8 26. Ra2 Qc6 27. Ra7 d5 28. Qe2 dxc4 29. dxc4 Ne4 30. Rc7 Qxe6 31. Re1 Ng5 32. Qxe6+ Nxe6 33. Rxe6 Rd1+ 34. Kg2 Rxc1 35. Rcxe7 Nxe7 36. Rxe7 Rxc4 37. Re8+ Kf7 1-0

[Event "Hamburg-chT Landesliga 2122"]
[Site "Hamburg"]
[Date "2022.03.27"]
[Round "6.5"]
[White "Gerigk, Wolf"]
[Black "Martin Sommerfeldt, Luis"]
[Result "0-1"]
[WhiteElo "2007"]
[BlackElo "2019"]
[PlyCount "50"]
[EventDate "2021.10.31"]
[EventType "team-tourn"]
[EventRounds "9"]
[EventCountry "GER"]
[SourceTitle "EXT 2023"]
[Source "ChessBase"]
[SourceDate "2022.10.05"]
[SourceVersion "1"]
[SourceVersionDate "2022.10.05"]
[SourceQuality "1"]
[WhiteTeam "Hamburger SK V"]
[BlackTeam "Harburg Diagonale"]
[WhiteTeamCountry "GER"]
[BlackTeamCountry "GER"]

1. Nf3 Nf6 2. c4 b6 3. g3 Bb7 4. Bg2 e6 5. 0-0 Be7 6. b3 0-0 7. Bb2 c5 8. Nc3 d6 9. Re1 a6 10. d4 cxd4 11. Nxd4 Bxg2 12. Kxg2 d5 13. cxd5 Nxd5 14. Nxd5 Qxd5+ 15. e4 Qb7 16. Kg1 Nd7 17. e5 Rfd8 18. f4 Bc5 19. Qe2 b5 20. Rad1 Nb6 21. h4 Nd5 22. Qe4 Qb6 23. Kh2 Rac8 24. Nc2 b4 25. Bd4 Bxd4 0-1

[Event "Hamburg-chT Landesliga 2122"]
[Site "Hamburg"]
[Date "2021.12.12"]
[Round "3.5"]
[White "Martin Sommerfeldt, Luis"]
[Black "Diekmann, Jens"]
[Result "1/2-1/2"]
[WhiteElo "2019"]
[BlackElo "2061"]
[PlyCount "25"]
[EventDate "2021.10.31"]
[EventType "team-tourn"]
[EventRounds "9"]
[EventCountry "GER"]
[SourceTitle "EXT 2023"]
[Source "ChessBase"]
[SourceDate "2022.10.05"]
[SourceVersion "1"]
[SourceVersionDate "2022.10.05"]
[SourceQuality "1"]
[WhiteTeam "Harburg Diagonale"]
[BlackTeam "Marmstorf"]
[WhiteTeamCountry "GER"]
[BlackTeamCountry "GER"]

1. Nf3 Nf6 2. c4 e6 3. Nc3 d5 4. d4 Be7 5. e3 0-0 6. b3 b6 7. Bb2 Bb7 8. Be2 c5 9. cxd5 cxd4 10. Nxd4 Nxd5 11. 0-0 Nxc3 12. Bxc3 e5 13. Nf5 1/2-1/2

[Event "Oberliga Nord N 1920"]
[Site "Germany"]
[Date "2020.01.19"]
[Round "5.5"]
[White "Wolf, Christoph"]
[Black "Martin Sommerfeldt, Luis"]
[Result "1/2-1/2"]
[WhiteElo "2217"]
[BlackElo "2023"]
[PlyCount "35"]
[EventDate "2019.09.29"]
[EventType "team-tourn"]
[EventRounds "9"]
[EventCountry "GER"]
[SourceTitle "CBM 195 Extra"]
[Source "ChessBase"]
[SourceDate "2020.05.31"]
[SourceVersion "1"]
[SourceVersionDate "2020.05.31"]
[SourceQuality "1"]

1. e4 g6 2. Nc3 Bg7 3. f4 d6 4. Nf3 a6 5. a4 c5 6. Bc4 Nc6 7. 0-0 e6 8. d3 Nge7 9. Qe1 0-0 10. Qh4 Nd4 11. f5 gxf5 12. Bg5 f6 13. Bd2 Ng6 14. Qh5 fxe4 15. dxe4 Ne5 16. Nxe5 dxe5 17. Rad1 Qe8 18. Qxe8 1/2-1/2

[Event "Blankenese op 1st"]
[Site "Hamburg"]
[Date "2017.10.03"]
[Round "6.6"]
[White "Ertan, Can"]
[Black "Martin Sommerfeldt, Luis"]
[Result "1-0"]
[WhiteElo "2377"]
[BlackElo "2015"]
[PlyCount "67"]
[EventDate "2017.09.30"]
[EventType "swiss"]
[EventRounds "7"]
[EventCountry "GER"]
[SourceTitle "EXT 2020"]
[Source "ChessBase"]
[SourceDate "2019.10.17"]
[SourceVersion "1"]
[SourceVersionDate "2019.10.17"]
[SourceQuality "1"]

1. e4 d6 2. d4 e5 3. c3 Nf6 4. Bc4 Be7 5. Nf3 0-0 6. dxe5 Nxe4 7. Bd5 Nc5 8. b4 Ne6 9. 0-0 dxe5 10. Nxe5 c6 11. Bb3 Qxd1 12. Rxd1 a5 13. bxa5 Rxa5 14. Nc4 Ra6 15. Nd6 c5 16. Nxc8 Rxc8 17. Nd2 Rd6 18. Re1 Rcd8 19. Ne4 R6d7 20. Be3 b6 21. Rab1 Ra7 22. Bxe6 fxe6 23. Rxb6 Rxa2 24. Rxe6 Bf8 25. Bxc5 Nd7 26. Bd4 Rc8 27. h4 Nc5 28. Nxc5 Bxc5 29. Re8+ Rxe8 30. Rxe8+ Kf7 31. Rd8 Bf8 32. Rd7+ Kg6 33. g3 h5 34. Kg2 1-0

[Event "Harburg-chA 12th"]
[Site "Hamburg"]
[Date "2017.08.05"]
[Round "3"]
[White "Ramme, Christoph"]
[Black "Martin Sommerfeldt, Luis"]
[Result "1-0"]
[WhiteElo "2116"]
[BlackElo "2026"]
[PlyCount "83"]
[EventDate "2017.08.06"]
[EventType "tourn"]
[EventRounds "5"]
[EventCountry "GER"]
[SourceTitle "CBM 180 Extra"]
[Source "ChessBase"]
[SourceDate "2017.10.06"]
[SourceVersion "1"]
[SourceVersionDate "2017.10.06"]
[SourceQuality "1"]

1. d4 Nf6 2. c4 d6 3. Nc3 e5 4. Nf3 Nbd7 5. g3 Be7 6. Bg2 c6 7. 0-0 a5 8. b3 0-0 9. Bb2 Qc7 10. Rc1 Re8 11. e3 Bf8 12. Na4 Qb8 13. Qc2 b5 14. cxb5 cxb5 15. Nc3 Bb7 16. Rfd1 b4 17. Na4 Ra6 18. dxe5 dxe5 19. Qc7 Qa8 20. Rxd7 Bxf3 21. Bxf3 Qxf3 22. Rxf7 Qh5 23. Qc4 Qxf7 24. Qxa6 Qh5 25. Kg2 Qf5 26. Qc4+ Kh8 27. Nb6 Ng4 28. Qe2 e4 29. Rd1 Qg6 30. Nc4 Bc5 31. h3 Nh6 32. Rd5 Be7 33. Qh5 Qxh5 34. Rxh5 Nf7 35. Rxa5 Kg8 36. Bd4 Rc8 37. Nb6 Rb8 38. Ra8 Rxa8 39. Nxa8 Nd8 40. Nc7 Kf7 41. f3 exf3+ 42. Kxf3 1-0

[Event "Hamburg-chT Landesliga 1617"]
[Site "Hamburg"]
[Date "2017.05.14"]
[Round "9.6"]
[White "Martin Sommerfeldt, Luis"]
[Black "Woelk, Tom Frederic"]
[Result "0-1"]
[WhiteElo "2081"]
[BlackElo "2033"]
[PlyCount "120"]
[EventDate "2016.10.16"]
[EventType "team-tourn"]
[EventRounds "9"]
[EventCountry "GER"]
[SourceTitle "EXT 2022"]
[Source "ChessBase"]
[SourceDate "2021.10.06"]
[SourceVersion "1"]
[SourceVersionDate "2021.10.06"]
[SourceQuality "1"]
[WhiteTeam "St Pauli II"]
[BlackTeam "Hamburg Diogenes II"]
[WhiteTeamCountry "GER"]
[BlackTeamCountry "GER"]

1. Nf3 Nf6 2. b3 g6 3. Bb2 Bg7 4. d4 b6 5. e3 Bb7 6. Be2 0-0 7. 0-0 d6 8. c4 e6 9. Nbd2 c5 10. Qc2 cxd4 11. Nxd4 d5 12. Rfd1 Nc6 13. Nxc6 Bxc6 14. cxd5 Bxd5 15. e4 Rc8 16. Qb1 Bb7 17. f3 Qc7 18. Nc4 Rcd8 19. Qc1 Rxd1+ 20. Bxd1 Rd8 21. Qe3 b5 22. Be5 Qd7 23. Qc3 bxc4 24. Bxf6 Bxf6 25. Qxf6 Qd2 26. h3 Qe1+ 27. Kh2 Rxd1 28. Rxd1 Qxd1 29. bxc4 Qd7 30. Qe5 Qc8 31. c5 a6 32. Qd6 h5 33. h4 Qc6 34. Qe5 Kf8 35. Kh3 Ke7 36. Qg5+ Ke8 37. Qe5 Bc8 38. Kg3 Bd7 39. Kf4 Ke7 40. Kg5 Be8 41. Qf6+ Kd7 42. Qd4+ Kc8 43. Kf6 e5+ 44. Kxe5 Qe6+ 45. Kf4 Qxa2 46. Qd6 Qe6 47. Qd4 f6 48. Qb4 Bb5 49. Ke3 Qe5 50. f4 Qa1 51. Kf3 Qf1+ 52. Kg3 Qc4 53. Qb2 Qe6 54. Kf2 Qxe4 55. Qxf6 Bc6 56. Qf8+ Kb7 57. Qf7+ Ka8 58. Qf8+ Ka7 59. Qd6 Qxg2+ 60. Ke3 Qf3+ 0-1

[Event "Hamburg-chT Landesliga 1617"]
[Site "Hamburg"]
[Date "2017.05.13"]
[Round "8.5"]
[White "Martin Sommerfeldt, Luis"]
[Black "Wahl, Daniel"]
[Result "1-0"]
[WhiteElo "2081"]
[BlackElo "1958"]
[PlyCount "113"]
[EventDate "2016.10.16"]
[EventType "team-tourn"]
[EventRounds "9"]
[EventCountry "GER"]
[SourceTitle "EXT 2022"]
[Source "ChessBase"]
[SourceDate "2021.10.06"]
[SourceVersion "1"]
[SourceVersionDate "2021.10.06"]
[SourceQuality "1"]
[WhiteTeam "St Pauli II"]
[BlackTeam "Johanneum Eppendorf II"]
[WhiteTeamCountry "GER"]
[BlackTeamCountry "GER"]

1. Nf3 f5 2. d4 g6 3. Bg5 Bg7 4. Qd3 Nf6 5. Nbd2 d5 6. h4 Ne4 7. Bf4 e6 8. Ne5 Nd7 9. Nxd7 Bxd7 10. f3 Nxd2 11. Qxd2 c5 12. e3 Qb6 13. c3 Rc8 14. 0-0-0 Ba4 15. Re1 Kf7 16. Kb1 Rc6 17. Be5 Bxe5 18. dxe5 Qc7 19. h5 Qxe5 20. e4 Rb6 21. hxg6+ hxg6 22. Rxh8 Qxh8 23. exd5 e5 24. d6 Bd7 25. Qd5+ Be6 26. Qxc5 Qd8 27. Rd1 Kf6 28. Bb5 Bd7 29. Bc4 Rc6 30. Qd5 Qf8 31. Bb3 Rb6 32. g3 Qe8 33. Re1 Qe6 34. Rxe5 Qxd6 35. f4 Qxd5 36. Bxd5 Rd6 37. c4 Bc6 38. Kc2 Bxd5 39. cxd5 g5 40. Kc3 Ra6 41. a3 gxf4 42. gxf4 Rb6 43. b3 Rd6 44. Kc4 Rb6 45. Re3 Rd6 46. Kc5 Rd8 47. d6 Rc8+ 48. Kd5 Rc1 49. Re6+ Kf7 50. Re7+ Kf6 51. Rxb7 Rd1+ 52. Kc6 Rc1+ 53. Kd7 Rc3 54. Kd8 Ke6 55. d7 Kd6 56. Ke8 Re3+ 57. Kf8 1-0

[Event "Hamburg CC Easter op 3rd"]
[Site "Hamburg"]
[Date "2017.04.16"]
[Round "5"]
[White "Martin Sommerfeldt, Luis"]
[Black "Reddmann, Hauke"]
[Result "1/2-1/2"]
[WhiteElo "2081"]
[BlackElo "2226"]
[PlyCount "30"]
[EventDate "2017.04.14"]
[EventType "swiss"]
[EventRounds "7"]
[EventCountry "GER"]
[SourceTitle "CBM 177 Extra"]
[Source "ChessBase"]
[SourceDate "2017.04.27"]
[SourceVersion "1"]
[SourceVersionDate "2017.04.27"]
[SourceQuality "1"]

1. Nf3 d5 2. b3 Bg4 3. e3 e5 4. h3 Bxf3 5. Qxf3 Nc6 6. Bb2 Nf6 7. Bb5 Bd6 8. d3 0-0 9. Bxc6 bxc6 10. Nd2 Qe7 11. 0-0 Ba3 12. Bxa3 Qxa3 13. Rfb1 a5 14. Qd1 a4 15. Qc1 Qxc1+ 1/2-1/2

[Event "Oberliga Nord N 1314"]
[Site "Germany"]
[Date "2014.02.23"]
[Round "7.6"]
[White "Martin Sommerfeldt, Luis"]
[Black "Voelzke, Ferdinand"]
[Result "1-0"]
[WhiteElo "2111"]
[BlackElo "2181"]
[PlyCount "65"]
[EventDate "2013.10.13"]
[EventType "team-tourn"]
[EventRounds "9"]
[EventCountry "GER"]
[SourceTitle "EXT 2015"]
[Source "ChessBase"]
[SourceDate "2014.11.20"]
[SourceVersion "1"]
[SourceVersionDate "2014.11.20"]
[SourceQuality "1"]
[WhiteTeam "St Pauli"]
[BlackTeam "Kiel Turm"]
[WhiteTeamCountry "GER"]
[BlackTeamCountry "GER"]

1. Nf3 Nf6 2. d4 g6 3. e3 Bg7 4. c4 0-0 5. Nc3 d5 6. Be2 c6 7. b3 Bf5 8. 0-0 Ne4 9. Bb2 Nxc3 10. Bxc3 Nd7 11. cxd5 cxd5 12. Bb4 Nf6 13. Ne5 Ne4 14. f3 Nd6 15. Nd3 a5 16. Ba3 Bc8 17. Qd2 b6 18. Rfc1 Bb7 19. Rc2 Qd7 20. Rac1 Rfc8 21. Ne5 Qe6 22. Rc7 Rxc7 23. Rxc7 Ba6 24. Bxa6 Rxa6 25. Nc6 Bf8 26. Nd8 Qf6 27. Qd3 Ra8 28. Nc6 Qe6 29. Ne5 f6 30. Nd7 Ne8 31. Nxf8 Qf7 32. Rxe7 Qxf8 33. Rxh7 1-0

[Event "Oberliga Nord N 1314"]
[Site "Germany"]
[Date "2014.01.12"]
[Round "8.7"]
[White "Martin Sommerfeldt, Luis"]
[Black "Meier, David Geffrey"]
[Result "1-0"]
[WhiteElo "2111"]
[BlackElo "2162"]
[PlyCount "137"]
[EventDate "2013.10.13"]
[EventType "team-tourn"]
[EventRounds "9"]
[EventCountry "GER"]
[SourceTitle "EXT 2015"]
[Source "ChessBase"]
[SourceDate "2014.11.20"]
[SourceVersion "1"]
[SourceVersionDate "2014.11.20"]
[SourceQuality "1"]
[WhiteTeam "St Pauli"]
[BlackTeam "Hamburger SK III"]
[WhiteTeamCountry "GER"]
[BlackTeamCountry "GER"]

1. Nf3 g6 2. e4 Bg7 3. d4 c5 4. c3 d5 5. dxc5 Nf6 6. exd5 Nxd5 7. Bc4 e6 8. Bg5 f6 9. Bxd5 exd5 10. Be3 0-0 11. 0-0 Nc6 12. h3 Be6 13. Na3 Kh8 14. Qd2 Ne5 15. Nd4 Bg8 16. b3 Rc8 17. f4 Nd7 18. b4 a6 19. g4 Re8 20. Nac2 Re4 21. Kg2 b6 22. Nb3 Bf8 23. cxb6 Nxb6 24. Bd4 Nc4 25. Qf2 Qd6 26. Nc5 Ree8 27. Rae1 Bg7 28. a4 Qc6 29. a5 Nd6 30. Rxe8 Rxe8 31. Re1 Ne4 32. Nxe4 dxe4 33. Ne3 Bc4 34. f5 g5 35. Nxc4 Qxc4 36. Qe2 Qc6 37. Qe3 Kg8 38. Rh1 h6 39. h4 Rd8 40. hxg5 fxg5 41. Re1 Bxd4 42. cxd4 Re8 43. Qb3+ Kg7 44. d5 Qd6 45. Qc3+ Kf7 46. Qc6 Qxb4 47. Qg6+ Kf8 48. Qxh6+ Kf7 49. Qg6+ Kf8 50. Qf6+ Kg8 51. Qxg5+ Kf7 52. Qg6+ Kf8 53. Qh6+ Kf7 54. Rc1 Qb2+ 55. Kh3 Qa3+ 56. Kh4 Qe7+ 57. g5 e3 58. Qh7+ Kf8 59. Qxe7+ Rxe7 60. Kg4 e2 61. Re1 Re4+ 62. Kf3 Re5 63. Kf4 Rxd5 64. Rxe2 Rxa5 65. g6 Rb5 66. Kg5 a5 67. Kf6 Rb8 68. g7+ Kg8 69. Kg6 1-0

[Event "Hamburg St Pauli op-A"]
[Site "Hamburg"]
[Date "2013.07.14"]
[Round "9"]
[White "Martin Sommerfeldt, Luis"]
[Black "Hess, Christian"]
[Result "0-1"]
[WhiteElo "2109"]
[BlackElo "2289"]
[PlyCount "102"]
[EventDate "2013.07.06"]
[EventType "swiss"]
[EventRounds "9"]
[EventCountry "GER"]
[SourceTitle "CBM 155 Extra"]
[Source "ChessBase"]
[SourceDate "2013.08.26"]
[SourceVersion "1"]
[SourceVersionDate "2013.08.26"]
[SourceQuality "1"]

1. Nf3 Nf6 2. b3 g6 3. Bb2 Bg7 4. e3 c5 5. Be2 0-0 6. 0-0 Nc6 7. d4 d5 8. Nbd2 cxd4 9. exd4 Bf5 10. a3 Rc8 11. c4 dxc4 12. bxc4 Qb6 13. Ra2 Ne4 14. Nxe4 Bxe4 15. Ng5 Bf5 16. g4 Bd7 17. c5 Qc7 18. d5 Ne5 19. Bd4 f6 20. Ne4 Bxg4 21. Bxg4 Nxg4 22. Qxg4 f5 23. Qh4 fxe4 24. Bxg7 Kxg7 25. Qxe4 Rf4 26. Qe3 Rg4+ 27. Kh1 Qxc5 28. Qe5+ Kh6 29. Re2 Qxa3 30. Re3 Rc1 31. Rxc1 Qxc1+ 32. Re1 Qc5 33. Re3 Qc1+ 34. Re1 Qg5 35. Qe3 Qxe3 36. fxe3 Kg5 37. h3 Rg3 38. Kh2 Kh4 39. e4 Rxh3+ 40. Kg2 Rd3 41. Kf2 Kg5 42. Ke2 Rc3 43. Rf1 Rc7 44. Rf7 Rd7 45. Ke3 h5 46. Kd4 e5+ 47. Kxe5 Rxf7 48. Ke6 Rf1 49. e5 h4 50. d6 h3 51. d7 Rd1 0-1

[Event "Hamburg St Pauli op-A"]
[Site "Hamburg"]
[Date "2011.07.10"]
[Round "2"]
[White "Korba, Roman"]
[Black "Martin Sommerfeldt, Luis"]
[Result "1-0"]
[WhiteElo "2213"]
[BlackElo "2077"]
[PlyCount "137"]
[EventDate "2011.07.09"]
[EventType "swiss"]
[EventRounds "9"]
[EventCountry "GER"]
[SourceTitle "CBM 143 Extra"]
[Source "ChessBase"]
[SourceDate "2011.08.29"]
[SourceVersion "1"]
[SourceVersionDate "2011.08.29"]
[SourceQuality "1"]

1. d4 d6 2. g3 e5 3. dxe5 dxe5 4. Qxd8+ Kxd8 5. Nc3 c6 6. f4 Bd6 7. Ne4 Bc7 8. fxe5 Bxe5 9. Nf3 Bc7 10. Bf4 Bxf4 11. gxf4 Ke7 12. 0-0-0 Nf6 13. Nxf6 Kxf6 14. Rg1 g6 15. Ne5 Be6 16. e4 Ke7 17. Bc4 f6 18. Bxe6 Kxe6 19. Nc4 b5 20. Na5 a6 21. Rg3 Rc8 22. Rgd3 Ra7 23. Rd6+ Ke7 24. f5 gxf5 25. exf5 Kf7 26. Rd8 Rac7 27. b4 Ke7 28. Rxc8 Rxc8 29. Re1+ Kd7 30. Nb7 Re8 31. Nc5+ Kd8 32. Ne6+ Kd7 33. Rg1 Kd6 34. Nc5 Re7 35. h4 h5 36. Rd1+ Kc7 37. Ne6+ Kb6 38. Rd8 Nd7 39. Rh8 a5 40. bxa5+ Kxa5 41. Rxh5 Kb4 42. Rh6 Kc4 43. h5 Kd5 44. Rg6 Ke5 45. Ng7 Nf8 46. h6 Nh7 47. Rg1 Ra7 48. Kb2 b4 49. Ne6 Kxf5 50. Nd4+ Ke4 51. Rg7 Ra8 52. Nxc6 Ng5 53. Nxb4 Rh8 54. a4 Rxh6 55. a5 Nf3 56. a6 Nd4 57. Rg4+ Ke5 58. Rxd4 Kxd4 59. a7 Rh8 60. Nc6+ Ke3 61. Nb8 f5 62. a8Q f4 63. Qa7+ Ke2 64. Nc6 Rh3 65. Nd4+ Ke1 66. Qe7+ Re3 67. Qh4+ Kd2 68. Qxf4 Kd1 69. Qf1+ 1-0

[Event "Harburg-chB 8th"]
[Site "Hamburg"]
[Date "2010.08.21"]
[Round "3"]
[White "Ramme, Christoph"]
[Black "Martin Sommerfeldt, Luis"]
[Result "1/2-1/2"]
[WhiteElo "2062"]
[BlackElo "2028"]
[PlyCount "95"]
[EventDate "2010.08.20"]
[EventType "tourn"]
[EventRounds "5"]
[EventCountry "GER"]
[SourceTitle "EXT 2012"]
[Source "ChessBase"]
[SourceDate "2011.11.24"]
[SourceVersion "1"]
[SourceVersionDate "2011.11.24"]
[SourceQuality "1"]

1. d4 g6 2. c4 Bg7 3. Nc3 d6 4. e4 Nd7 5. Be2 b6 6. f4 Bb7 7. Nf3 e6 8. 0-0 Ne7 9. Bd3 0-0 10. Bc2 a6 11. f5 e5 12. Bg5 f6 13. Be3 c6 14. Qd2 Qc7 15. Rad1 Rad8 16. Qf2 c5 17. d5 b5 18. g4 b4 19. Ne2 Nb6 20. b3 Bc8 21. Qh4 Rf7 22. Ng3 Bh8 23. Kh1 Rdf8 24. Rg1 g5 25. Qh3 h6 26. Qf1 Bd7 27. Nh5 Nec8 28. Rd2 Be8 29. h4 Rh7 30. Rh2 Qe7 31. Rg3 a5 32. hxg5 hxg5 33. Rgh3 Bxh5 34. Rxh5 Rxh5 35. Rxh5 Rf7 36. Qh3 Rh7 37. Bd1 Rxh5 38. Qxh5 Qh7 39. Qxh7+ Kxh7 40. Nxg5+ fxg5 41. Bxg5 a4 42. Bc1 Bf6 43. g5 Bd8 44. Kg2 Kg7 45. Kg3 a3 46. Kg4 Nd7 47. Kh5 Ncb6 48. Kg4 1/2-1/2

[Event "Hamburg Junge op"]
[Site "Hamburg"]
[Date "2005.10.07"]
[Round "5"]
[White "Martin Sommerfeldt, Luis"]
[Black "Schormann, Conrad"]
[Result "1/2-1/2"]
[WhiteElo "2116"]
[BlackElo "2111"]
[PlyCount "108"]
[EventDate "2005.10.01"]
[EventType "swiss"]
[EventRounds "9"]
[EventCountry "GER"]
[SourceTitle "CBM 108 Extra"]
[Source "ChessBase"]
[SourceDate "2005.11.04"]
[SourceVersion "1"]
[SourceVersionDate "2005.11.04"]
[SourceQuality "1"]

1. d4 d5 2. Nf3 Nf6 3. Bf4 c5 4. c3 Qb6 5. Qb3 Nc6 6. e3 c4 7. Qxb6 axb6 8. Nbd2 b5 9. Be2 b4 10. cxb4 Nxb4 11. 0-0 e6 12. Ne5 Be7 13. a3 Nc6 14. Nxc6 bxc6 15. Nb1 c5 16. Nc3 cxd4 17. exd4 0-0 18. Rfb1 Bd7 19. f3 Rfc8 20. Bd1 Ne8 21. Bc2 h5 22. Re1 Bd6 23. Bd2 Rcb8 24. Rab1 Nc7 25. g3 g6 26. Kf2 Kg7 27. f4 Ra7 28. Rec1 Na8 29. Na2 Ba4 30. Bxa4 Rxa4 31. Bb4 Bxb4 32. Nxb4 Rb7 33. Rc2 Nc7 34. Rd1 Na6 35. Na2 Rb3 36. Rdd2 Rb7 37. Ke2 Nc7 38. Nb4 Ra8 39. Ke3 Na6 40. Na2 Rab8 41. Ke2 Kf6 42. Kd1 Kf5 43. Re2 Rb6 44. Nc3 Nc7 45. Rcd2 Nb5 46. Re5+ Kf6 47. Na2 Na7 48. Nb4 Nc6 49. Nxc6 Rxc6 50. Re3 Rcb6 51. Kc1 Ke7 52. Rc3 Kd6 53. Re2 Kc6 54. b4 Kb5 1/2-1/2

[Event "Hamburg Junge op"]
[Site "Hamburg"]
[Date "2005.10.02"]
[Round "2"]
[White "Fruebing, Stefan"]
[Black "Martin Sommerfeldt, Luis"]
[Result "1-0"]
[WhiteElo "2233"]
[BlackElo "2116"]
[PlyCount "115"]
[EventDate "2005.10.01"]
[EventType "swiss"]
[EventRounds "9"]
[EventCountry "GER"]
[SourceTitle "CBM 108 Extra"]
[Source "ChessBase"]
[SourceDate "2005.11.04"]
[SourceVersion "1"]
[SourceVersionDate "2005.11.04"]
[SourceQuality "1"]

1. e4 Nf6 2. e5 Nd5 3. d4 d6 4. Nf3 Bg4 5. Be2 e6 6. c4 Nb6 7. Nc3 dxe5 8. Nxe5 Bxe2 9. Nxe2 Bb4+ 10. Nc3 0-0 11. Qg4 N8d7 12. Bh6 Qf6 13. Nxd7 Nxd7 14. Be3 c6 15. 0-0 Rfe8 16. h3 Qf5 17. Rac1 Qxg4 18. hxg4 b6 19. Rfd1 Rac8 20. f3 h6 21. Kf2 Be7 22. a3 Kf8 23. Bf4 e5 24. dxe5 Bc5+ 25. Kf1 Nxe5 26. b4 Ng6 27. Bxh6 gxh6 28. bxc5 bxc5 29. Ne4 Rb8 30. Rd7 Ne5 31. Nxc5 Nxd7 32. Nxd7+ Ke7 33. Nxb8 Rxb8 34. Re1+ Kd7 35. Rd1+ Ke7 36. Kf2 Rb3 37. c5 Rc3 38. Rd6 Rxc5 39. Rxh6 a5 40. g5 Rc3 41. g6 f5 42. Rh5 Kf6 43. Rxf5+ Kxg6 44. Rxa5 c5 45. g4 c4 46. Rc5 Rxa3 47. Rxc4 Kg5 48. Rc5+ Kg6 49. Kg3 Rb3 50. Re5 Rb4 51. f4 Rb3+ 52. Kh4 Rb4 53. f5+ Kf6 54. Re6+ Kf7 55. Kg5 Ra4 56. Rb6 Rc4 57. Rb7+ Kg8 58. Kh5 1-0